Регионална библиотека "Любен Каравелов" - Русе

Нашият взвод (Запис номер 122388)

MARC детайли
000 -Лидер
Контролно поле с фиксирана дължина 01562nam a2200325 a 4500
003 - Код на организацията, давaща контролен номер
Контролно поле BLK
005 - Дата и час на последна редакция
Контролно поле 20240319090851.0
008 - Елементи от данни с фиксирана дължина
fixed length control field 180409b bul|||||r ||||||| ||bul||
010 ## - Наследен системен номер
LC control number KNG00128025000
040 ## - Източник на каталожния запис
Идентификатор на билиотеката - собственик на записа BLK
041 ## - Код за език
Код за езика на текст/звукозапис или на отделно заглавие Български
Код за езика КДБФ Български
080 ## - УДК
Текстов определител УДК Българска литература
УДК код - определител по УДК 821.163.2
УДК определител -32
УДК - код + определител 821.163.2-32
100 ## - Редна дума - Автор
Автор Асенов, Драгомир
Автор - информация (биография) Меламед, Жак Нисим
Титли или други наименования, свързани с автора Писател. Работил в русенския в. "Дунавски отечествен фронт", един от основателите на "Дунавски културен фронт"
Дати, свързани с автора 1926 - 1981
R(LIN) 272757
139 ## - Редно поле
Редна дума Асенов, Драгомир
Авторски знак Ас - А 92
245 10 - Сведения за заглавието
Заглавие Нашият взвод
Подзаглавни данни Повест
Редно поле (дума) Драгомир Асенов; * Жак Нисим Меламед.
250 ## - Област на изданието
Сведения за изданието 2. осн. прераб. изд.
257 ## - Страна на издаване
Страна на създаване/издаване България
260 ## - Област на издателските данни
Място на издаване, разпространение и проч. София
Име на издателя, разпространителя и проч. Медицина и физкултура
Година на издаване 1962
300 ## - Физическа характеристика
Страници 156 с.
Размери/Мащаб 25 см
380 ## - Жанр
Жанр Худож. лит.
500 ## - Общи забележки
Забележка Авт. не е отбелязан на кор Драгомир Асенов - псевд. на Жак Нисим Меламед. - 1. изд. 1956 на Държ. воен. изд. - 8 075 тир.
700 1# - Други автори (авторска отговорност)
Лично име Меламед, Жак Нисим
Автороска отговорност (Описва отношението между автора и произведението) *
9 (RLIN) 272758
852 ## - Местоположение
Форматна сигнатура Цб 22846
Фондова буква Хранилище
856 4# - Електронен адрес и достъп
Електронен формат pdf - файл
856 4# - Електронен адрес и достъп
Електронен формат pdf - файл
999 ## - СИСТЕМНИ КОНТРОЛНИ НОМЕРА
Koha biblionumber 122388
Koha biblioitemnumber 122388
942 ## - АРТИКУЛИ
Вид на библиотечния материал Книги
Скрит в OPAC Не
Периодичен библиозапис Да
944 ## - СЪЗДАВАНЕ И РЕДАКЦИЯ на ЗАПИСА
Създаване/Редакция Създаване
Дата на регистрацията/редакция 28.02.2012
Статус, дата на статуса Моника Янева
Служител, извършил регистрацията/редакцията 30570
944 ## - СЪЗДАВАНЕ И РЕДАКЦИЯ на ЗАПИСА
Създаване/Редакция Редакция
Дата на регистрацията/редакция 28.02.2012
Статус, дата на статуса 28.02.2012 - от С1,Р / 28.02.2012
999 ## - СИСТЕМНИ КОНТРОЛНИ НОМЕРА
Koha biblioitemnumber 122388
Наличности
Код за отписване Код за изгубен артикул Източник на класификационната схема Код за повреда Коз за рестрикции Код за отдаване Артикулен № Име на библиотеката - собственик Име на библиотеката, в която се намира в момента Статус (Текущо местоположение) Дата на вписване в системата Местоположение - отдел Цена в лева Инвентарен номер Систематично азбучна сигнатура Баркод Номер на екземпляра Цена в евро Служебна бележка Служебен тип на артикула
  Не е изгубен Universal Decimal Classification Не е повреден само за читалня ползва се в читалня 197947 Регионална библиотека "Любен Каравелов" Русе Регионална библиотека "Любен Каравелов" Русе Хранилище 1962-01-01 Хранилище 0.56 10466/62 Цб 22846 900000088806 1 0.29 N: стар фонд Дата: 01.01.1962 Книги
Изтеглен Не е изгубен Universal Decimal Classification Не е повреден без рестрикции заемане за дома 197948 Регионална библиотека "Любен Каравелов" Русе Регионална библиотека "Любен Каравелов" Русе Заемна - подръчен фонд 1962-01-01 Заемна - подръчен фонд 0.00 8824/62 П 886.7-32/А 92 8824/62 2 0.00 N: стар фонд Дата: 01.01.1962 Книги
Изтеглен Не е изгубен Universal Decimal Classification Не е повреден без рестрикции заемане за дома 197949 Регионална библиотека "Любен Каравелов" Русе Регионална библиотека "Любен Каравелов" Русе Заемна - подръчен фонд 1962-01-01 Заемна - подръчен фонд 0.00 8825/62 П 886.7-32/А 92 8825/62 3 0.00 N: стар фонд Дата: 01.01.1962 Книги
Vip Innovations Ltd, Rousse, Bulgaria 2025